Normal view
MARC view
- Muhammad Muneeb Ahmad Muhammad Waqar Asad Waleed Bin Mehdi
Entry Personal Name
001 - CONTROL NUMBER
- control field: 71267
003 - CONTROL NUMBER IDENTIFIER
- control field: NUST
005 - DATE AND TIME OF LATEST TRANSACTION
- control field: 20210628204621.0
008 - FIXED-LENGTH DATA ELEMENTS
- fixed length control field: 210628|| aca||aabn | a|a d
040 ## - CATALOGING SOURCE
- Original cataloging agency: NUST
- Transcribing agency: NUST
100 ## - HEADING--PERSONAL NAME
- Personal name: Muhammad Muneeb Ahmad Muhammad Waqar Asad Waleed Bin Mehdi
670 ## - SOURCE DATA FOUND
- Source citation: Work cat.: (NUST): Muhammad Muneeb Ahmad Muhammad Waqar Asad Waleed Bin Mehdi, PR-SOF-1446-Design and fabrication of high velocity (250 ms -1000ms i.e. ballistic range) impact testing setup (Gas Gun), 2015
